| 000 | 00906nam a2200325 a 4500 | ||
|---|---|---|---|
| 003 | AR-BaBNM | ||
| 005 | 20251128203838.0 | ||
| 008 | 082120s2002 ||||||||||||||000 | spa|| | ||
| 040 | _cAR-BaBNM | ||
| 100 | 1 | _aDe Castro, Josué | |
| 245 | 0 | 0 |
_aGeopolítica del hambre _bensayo sobre los problemas de la alimentación y la población del mundo |
| 260 |
_aBuenos Aires _bRaigal _c1955 |
||
| 300 |
_a427 p. _btablas |
||
| 504 | _aBibliografía para consultar p. 407-422 | ||
| 650 | 4 | _aPOLITICA AGRARIA | |
| 650 | 4 | _aHISTORIA ECONOMICA | |
| 650 | 4 | _aCIENCIAS POLITICAS | |
| 650 | 4 | _aSOCIOLOGIA | |
| 650 | 4 | _aECONOMIA | |
| 650 | 4 | _aGEOGRAFIA ECONOMICA | |
| 650 | 4 | _aRECURSOS ECONOMICOS | |
| 650 | 4 | _aPOBLACION | |
| 650 | 4 | _aHAMBRE | |
| 650 | 4 | _aGEOPOLITICA | |
| 651 | 4 | _aEuropa | |
| 651 | 4 | _aAmérica Latina | |
| 700 | 1 |
_aCócaro, Nicolás _etraductor |
|
| 942 | _cBK | ||
| 998 | _cmariana | ||
| 999 |
_c5157 _d5157 |
||